000 00681nam a2200193Ii 4500
003 JO-AjNU
008 230605s9999||||xx |||||||||||||| ||und||
040 _aJO-AjNU
_bara
_erda
_cJO-AjNU
041 _aara
050 1 4 _aCB417.C872.1993
100 3 _aرودني، وانتر، ترجمة القصير، احمد,
_eauthor
_935457
245 0 0 _aتاريخ الاستعمار الاوروبي: القارة الافريقية
264 3 1 _aمصر: دار النهضة، 1993
300 _a419ص
336 _atext
_btxt
_2rdacontent
337 _aunmediated
_bn
_2rdamedia
338 _avolume
_bnc
_2rdacarrier
650 4 _aافريقيا-استعمار اوروبي
_935458
999 _aA14642
_c18210
_d18210